Dragula Season 3 Contestants by Track Record - Statistics

General Stats
  • This quiz has been taken 43 times
  • The average score is 5 of 11
Answer Stats
Hint Answer % Correct
3.56 Landon Cider
100%
3.22 Dollya Black
83%
2.87 Evah Destruction
74%
2.44 Priscilla Chambers
52%
2.4 Hollow Eve
39%
1.5 St. Lucia
39%
1.33 Yovska
30%
2.75 Louisiana Purchase
26%
2 Maxi Glamour
22%
1.83 Maddelynn Hatter
17%
0 Violenca!
0%
No matching quizzes found
Score Distribution
Percent of People with Each Score
Percentile by Number Answered
Your Score History
You have not taken this quiz